000 00446nam a2200157 i 4500
001 82289
003 ES-MaACL
005 20230906174641.0
007 t|
008 041108s1968 sp ||||1| gao d
100 1 _aIglesias de Souza, Luis.
_965106
245 1 0 _aTerras, xentes, cousas
_b: sonetos galegos /
_cLuis Iglesias de Souza.
260 _aCoruña :
_b[s.n.,
_c1968]
300 _a57 p. ;
_c21 cm.
852 _aES-MaACL
_jC-48845
_bR.67123
999 _c82289
_d82289